00621nam a22002057a 450000500170000001000140001702000260003103500130005703700130007008200140008310000200009724500520011726000470016927000860021630000250030250000190032765000220034665000260036865000210039420100803152357.0 aENG-98000 a9789380388366c995.00 aEN-81533 bDBAD/PUB a621.38928 aKaushal, Sarita aSecurity and everyday life /cby Sarita Kaushal aNew DelhibD. P. S. publishing Housec2011 a213, Vardan House, 7/28, Mahavir Gali, Ansari Road, Darya GanjbNew Delhie110002 avi, 268p.c22cm (Hb) aIncludes index aInternal security aSecurity (psychology) aSecutity systems